00541 2200205 4500001002100000005001500021035002000036007000300056008004100059020002200100082001100122084001700133100002400150245005300174250001100227260004200238300002500280650002100305990000900326INLIS00000000000050720171004021237 a0010-1017000061ta171004 f 0 ind  a978-979-3855-37-0 a297.13 a297.13 ALB t0 aAlbarudi, Imam Zaki1 aTafsir Al Qur'an Wanita 2 /cImam Zaki Al Barudi aCet.13 aJakarta Pusat :bPenerbit Pena,c2007 a485hlm ;c15 x 24 cm aTafsir Al Qur'an a2729